| 000 | 02183cam a22003378i 4500 | ||
|---|---|---|---|
| 001 | 23771217 | ||
| 003 | EG-ScBUE | ||
| 005 | 20250216103527.0 | ||
| 008 | 240710s2025 enk f b 001 0 eng d | ||
| 020 | _a9780367773120 | ||
| 035 | _a(DLC)23771217 | ||
| 040 |
_aDLC _beng _erda _cDLC _dDLC _dDLC-MRC _dEG-ScBUE |
||
| 082 | 0 | 4 |
_a658.4012 _222 _bNEM |
| 100 | 1 |
_aNemetz, Peter N., _d1944- _eauthor. |
|
| 245 | 1 | 0 |
_aCorporate strategy and sustainability : _bfrom excellence to fraud / _cPeter N. Nemetz. |
| 264 | 1 |
_aAbingdon, Oxon ; _aNew York, NY : _bRoutledge, _c2025. |
|
| 300 |
_axix, 484 pages : _billustrations ; _c24 cm |
||
| 336 |
_atext _btxt _2rdacontent |
||
| 337 |
_aunmediated _bn _2rdamedia |
||
| 338 |
_avolume _bnc _2rdacarrier |
||
| 504 | _aIncludes bibliographical references and index. | ||
| 520 | _aCorporate Strategy and Sustainability is a substantially updated, detailed overview of sustainability issues for business and economics students. Built to teach the evolution of the history of sustainability practices, this book features a chapter on pandemics and sustainability in business. This edition has expanded coverage of social sustainability issues, non-Western perspectives and sustainable supply chains. Rich in cases, these too have been updated to demonstrate best practice and the practical application of theory. Extensive discussions of tools show how incorporate sustainability issues apply to strategic decision making. The book accentuates the value and importance of a strong sustainability approach in an age of climate change emergency. This textbook is an ideal companion to instructors and students of sustainability in business, economics and management-- Provided by publisher. | ||
| 650 | 7 | _aBusiness planning. | |
| 650 | 7 | _aSustainability. | |
| 655 | _vReading book | ||
| 776 | 0 | 8 |
_iOnline version _4http://id.loc.gov/entities/relationships/onlineversion _aNemetz, Peter N. _tCorporate strategy and sustainability _dNew York : Routledge, 2024 _z9781003170754 _w(DLC) 2024025509 |
| 906 |
_a7 _bcbc _corignew _d1 _eecip _f20 _gy-gencatlg |
||
| 942 |
_2ddc _cBB |
||
| 999 |
_c30892 _d30863 |
||